|
|
|
|
| LEADER |
00000nam a22000007i 4500 |
| 003 |
Ucuenca |
| 005 |
20240104062701.0 |
| 006 |
a||||gr|||| 001 0 |
| 007 |
ta |
| 008 |
211202s2018 ck aaaag |||| 001 0 spa a |
| 020 |
|
|
|a 978-958-5486-01-0
|
| 040 |
|
|
|a UCuenca-cdrjbv
|b spa
|c UCuenca
|e rda
|
| 041 |
0 |
|
|a spa
|
| 082 |
0 |
|
|2 22
|a 635.35
|c 30475596
|
| 100 |
1 |
|
|9 266924
|a Chaparro González, María Patricia.
|e autor.
|
| 245 |
1 |
0 |
|a Perfil de riesgo de residuos de plaguicidas organofosforados en la cadena productiva del brócoli (Brassica oleracea L. var italica) y del coliflor (Brassica oleracea L. var. botrytis) en Colombia /
|c María Patricia Chaparro González [ y otros cuatro]
|
| 250 |
|
|
|a Primera edición
|
| 264 |
|
1 |
|a Bogotá:
|b Ediciones Unisalle,
|c 2018.
|
| 300 |
|
|
|a 102 páginas:
|b tab
|c 23 cm
|
| 336 |
|
|
|2 rdacontent
|a texto
|b txt
|
| 337 |
|
|
|2 rdamedia
|a no mediado
|b n
|
| 338 |
|
|
|2 rdacarrier
|a volumen
|b nc
|
| 504 |
|
|
|a incl. bib.
|
| 505 |
1 |
|
|a Combinación peligro-alimento -- Evaluación de la exposición -- Medidas de prevención y control -- Recomendaciones -- Conclusiones
|
| 650 |
1 |
7 |
|2 UCuenca-cdrjbv
|9 71055
|a Coliflor
|
| 650 |
1 |
7 |
|2 UCuenca-cdrjbv
|9 71795
|a Brócoli
|
| 650 |
1 |
7 |
|2 UCuenca-cdrjbv
|9 14834
|a Plagas
|
| 650 |
1 |
0 |
|a Alimentos
|9 1022
|
| 650 |
1 |
7 |
|2 UCuenca-cdrjbv
|9 1019
|a Plaguicidas
|
| 651 |
|
|
|2 UCuenca-cdrjbv
|
| 700 |
1 |
|
|9 266925
|a López Molinello, Alfredo.
|e autor.
|
| 700 |
1 |
|
|9 266926
|a Otálvaro Álvarez, Ángela María.
|e autor.
|
| 700 |
1 |
|
|9 266927
|a Prieto Contreras, Lena.
|e autor.
|
| 700 |
1 |
|
|9 266928
|a Rey Rodríguez, Javier Francisco.
|e autor.
|
| 942 |
|
|
|2 ddc
|c BK
|z ximena.carrasco@ucuenca.edu.ec
|
| 999 |
|
|
|c 159792
|d 159792
|